000 00714nas a2200241 4500
001 BR0707894
003 BR-BrBNA
005 20231205111400.0
007 ta
008 230509b bl.|||p| |||| 00| 00por d
040 _aBR-BrBNA
_bpor
_cBiblioteca Nacional de Agricultura
041 _a(Pt)
072 _aL51
100 1 _aFukushima, R.
100 1 _aPaneto, J.C.C. do
245 1 _aA lignina e o valor nutritivo das plantas forrageiras.
_bUma revisão
650 _aDIGESTIBILIDADE
650 _aLIGNINA
650 _aPLANTA FORRAGEIRA
773 0 _tZootecnia (Brazil)
_xISSN 0044-5320
_g(Apr-Jun 1995), v. 33(2) p. 29-39
_wBR0707894
909 _a202311
_bLúcia
_c55
_dLúcia Elande
942 _2AGRIS
_n0
_cANA
999 _c192395
_d192395